| 000 | 00687nam a22002297a 4500 | ||
|---|---|---|---|
| 999 |
_c739 _d739 |
||
| 001 | 4745 | ||
| 003 | BD-DhUAP | ||
| 005 | 20200127131004.0 | ||
| 008 | 200127s2002 waua|||| |||| 00| 0 eng d | ||
| 020 | _a0821350854 | ||
| 040 |
_aBD-DhUAP _bEng _cBD-DhUAP _dBD-DhUAP |
||
| 082 |
_223 _a330.91724 WOR |
||
| 110 | _aWorld Bank. | ||
| 245 |
_aGlobal development finance : _bfinancing the poorest countries, 2002. |
||
| 260 |
_aWashington : _bThe world bank, _cc2002. |
||
| 300 |
_axii, 251 pages : _billustrations ; _c28 cm. |
||
| 500 | _aAnalysis and summary tables. | ||
| 650 | _aEconomic history. | ||
| 650 | _aInternational finance. | ||
| 651 | _aDeveloping countries | ||
| 942 |
_2ddc _cBK |
||